Analýza aerodynamickej charakteristiky difúzora

Uložené v:
Podrobná bibliografia
Hlavný autor: Papcun, Miroslav (Autor)
Ďalší autori: Gálik, Gabriel (Vedúci práce)
Médium: Rukopis Kniha
Jazyk:Slovak
Vydavateľské údaje: Bratislava : STU v Bratislave FEI, 2021
Predmet:
On-line prístup:https://opac.crzp.sk/?fn=detailBiblioForm&sid=38F43C5054BC4F7F29BEC5F31F28&seo=CRZP-detail-kniha
Tagy: Pridať tag
Žiadne tagy, Buďte prvý, kto otaguje tento záznam!

MARC

LEADER 00000ntm a22000003a 4500
001 stuzp82602
003 SK-STU
005 20210715113739.9
007 ta
008 150427s2015----xo-----f-mn---000-0-slo-d
040 |a STU  |b slo 
041 0 |a slo 
044 |a xo 
100 1 |a Papcun, Miroslav  |u 030400  |4 aut  |U FEI Fakulta elektrotechniky a informatiky  |U FEI Fakulta elektrotechniky a informatiky  |T FEI Ústav automobilovej mechatroniky  |X 97995  |U E400  |Y 642  |7 97995 
242 0 1 |a Analysis of diffusor aerodynamic characteristics  |y eng 
245 1 0 |a Analýza aerodynamickej charakteristiky difúzora 
260 |a Bratislava : 
260 |b STU v Bratislave FEI, 
260 |c 2021 
300 |a 60 s. 
650 4 |a Aerodynamika  |2 slo 
650 4 |a difúzor  |2 slo 
650 4 |a vztlak  |2 slo 
650 4 |a simulácia aerodynamického tunela  |2 slo 
650 4 |a rear wing  |2 eng 
650 4 |a Aerodynamics  |2 eng 
650 4 |a diffuser  |2 eng 
650 4 |a lift force  |2 eng 
700 1 |a Gálik, Gabriel  |u 030400  |k Z2  |4 ths  |U FEI Fakulta elektrotechniky a informatiky  |U FEI Fakulta elektrotechniky a informatiky  |T FEI Ústav automobilovej mechatroniky  |X 55772  |U E400  |Y 642  |7 A000055772 
856 4 |u https://opac.crzp.sk/?fn=detailBiblioForm&sid=38F43C5054BC4F7F29BEC5F31F28&seo=CRZP-detail-kniha